| 000 | 02221nam0a2200373 4500 | ||
|---|---|---|---|
| 001 | RU\NLR\BIBL_A\012816670 | ||
| 005 | 20221011134634.0 | ||
| 010 |
_a978-5-04-121448-7 _95000 |
||
| 021 |
_aRU _bКН-П-22-019357 _9КН-П-22-1657 |
||
| 035 | _a(NLR Aleph) 012816670 | ||
| 035 | _a(RuMoRGB)011023340 | ||
| 090 |
_a12301149 _c12301149 |
||
| 100 | _a20220610d2022 u y0rusy50 ca | ||
| 101 | 1 |
_arus _cnor |
|
| 102 | _aRU | ||
| 105 | _ay|||z|||000 y | ||
| 181 | 0 |
_ai4 _baxxe |
|
| 182 | 0 | _an | |
| 200 | 1 |
_aЖелезный волк _fСири Петтерсен _g[перевод с норвежского Е. Лавринайтис] |
|
| 203 |
_aТекст _bвизуальный _cнепосредственный |
||
| 210 |
_aМосква _cЭксмо _d2022 |
||
| 215 |
_a510 с. _d21 |
||
| 311 | _aТрилогия "Вардари" | ||
| 320 | _aДр. произведения авт. на 2-й с. | ||
| 330 | _aЧтиц крови считают всеведущими, но Юва ненавидит их. Даже несмотря на то, что она сама умеет читать по крови. Но когда её семье начинают угрожать вардари - долгоживущие и жуткие существа, не стареющие и не подвластные болезням, - Юва вынуждена ввязаться в охоту за наследием чтиц. За тёмной тайной, которая однажды изменила мир - и может сделать это снова. Чтобы выжить, девушке придётся вспомнить то, что она изо всех сил пыталась забыть. Тот день из далёкого детства, когда она видела Железного волка... | ||
| 333 | _a16+ | ||
| 488 | 0 |
_12001#$aВардари$eтрилогия _tВардари |
|
| 686 | 1 | _aШ6(4Нр)67-445{Лх1468-45} | |
| 700 | 1 |
_7ca _8rus _aПеттерсен _bС. _f1971- _gСири _9215166 _3RU\NLR\AUTH\770215222 |
|
| 942 | _cBOOK | ||
| 980 | _aNB | ||